[Event "Bamberg op 2nd"]
[Site "Bamberg"]
[Date "2019.06.02"]
[Round "7"]
[White "Ziegenfuss, Holger"]
[Black "Hacker, Jonas"]
[Result "1-0"]
[WhiteElo "2006"]
[BlackElo "2386"]
[PlyCount "119"]
[EventDate "2019.05.29"]
[EventType "swiss"]
[EventRounds "7"]
[EventCountry "GER"]
[SourceTitle "CBM 190 Extra"]
[Source "ChessBase"]
[SourceDate "2019.07.15"]
[SourceVersion "1"]
[SourceVersionDate "2019.07.15"]
[SourceQuality "1"]

1. e4 e5 2. Nf3 Nc6 3. Bc4 Nf6 4. d3 Bc5 5. Nc3 a6 6. a3 d6 7. Be3 Ba7 8. Bxa7 Rxa7 9. h3 0-0 10. 0-0 Be6 11. Ba2 Bxa2 12. Rxa2 d5 13. Ra1 Ra8 14. Re1 Re8 15. Qd2 dxe4 16. dxe4 Nd4 17. Qd1 c5 18. Nd2 Qc7 19. Nf1 Qc6 20. f3 Rad8 21. Qc1 Nh5 22. Ne2 Qg6 23. Kh2 Nf4 24. Nxf4 exf4 25. Rb1 Qg5 26. c3 Nb3 27. Qc2 c4 28. Rbd1 Nc5 29. Rd4 b5 30. Red1 Ne6 31. Rd5 Qh4 32. Kg1 h6 33. Qf2 Qe7 34. Qb6 Ra8 35. Rd6 Rec8 36. R1d5 Qa7 37. Qxa7 Rxa7 38. Rd2 Nc5 39. Nh2 h5 40. Kf1 Re7 41. R6d5 g6 42. Kg1 Kg7 43. Nf1 Rc6 44. Kh2 Kf6 45. g3 Nd3 46. gxf4 Nxf4 47. Rd8 Kg5 48. Ne3 f5 49. Nd5 Re5 50. h4+ Kxh4 51. Nxf4 Kg5 52. Nd5 Kh6 53. exf5 gxf5 54. Rg2 Rg6 55. Rd2 Re1 56. Nf4 Rgg1 57. Nh3 Rgf1 58. Kg2 Rb1 59. R8d6+ Kg7 60. Rxa6 1-0

[Event "Bamberg op 2nd"]
[Site "Bamberg"]
[Date "2019.05.31"]
[Round "4"]
[White "Syperek, Sebastian"]
[Black "Ziegenfuss, Holger"]
[Result "0-1"]
[WhiteElo "2184"]
[BlackElo "2006"]
[PlyCount "70"]
[EventDate "2019.05.29"]
[EventType "swiss"]
[EventRounds "7"]
[EventCountry "GER"]
[SourceTitle "CBM 190 Extra"]
[Source "ChessBase"]
[SourceDate "2019.07.15"]
[SourceVersion "1"]
[SourceVersionDate "2019.07.15"]
[SourceQuality "1"]

1. Nf3 c5 2. g3 Nc6 3. Bg2 g6 4. 0-0 Bg7 5. d3 d6 6. e4 Bd7 7. Nc3 Qc8 8. Re1 Bg4 9. Nd5 Ne5 10. c3 Nf6 11. Nxf6+ Bxf6 12. Bf4 0-0 13. Bxe5 dxe5 14. Qe2 Rd8 15. Qe3 a5 16. a4 Ra6 17. Nd2 Be6 18. b3 Bg7 19. Red1 Rad6 20. Bf1 h5 21. Be2 b6 22. Nc4 Rc6 23. Rac1 Kh7 24. f4 exf4 25. gxf4 Bxc4 26. dxc4 Rcd6 27. Rd5 e6 28. Rxd6 Rxd6 29. e5 Rd7 30. Bd3 Qd8 31. Rd1 Bh6 32. Qf3 Kg8 33. f5 exf5 34. Qe2 Qg5+ 35. Kh1 Qe3 0-1

[Event "Pfarrkirchen Rottal op 1st"]
[Site "Pfarrkirchen"]
[Date "2017.04.15"]
[Round "2"]
[White "Huber, Herbert"]
[Black "Ziegenfuss, Holger"]
[Result "0-1"]
[WhiteElo "1808"]
[BlackElo "2068"]
[PlyCount "74"]
[EventDate "2017.04.14"]
[EventType "swiss"]
[EventRounds "7"]
[EventCountry "GER"]
[SourceTitle "CBM 177 Extra"]
[Source "ChessBase"]
[SourceDate "2017.04.27"]
[SourceVersion "1"]
[SourceVersionDate "2017.04.27"]
[SourceQuality "1"]

1. d4 d5 2. c4 e5 3. dxe5 d4 4. Nf3 Nc6 5. g3 Nge7 6. Nbd2 Ng6 7. Bg2 Ngxe5 8. 0-0 Be7 9. b3 Nxf3+ 10. Nxf3 0-0 11. Bb2 Bf6 12. Qd2 Qd6 13. Rac1 Rd8 14. Rfd1 Qe7 15. h4 h6 16. Re1 Bf5 17. Qf4 Bh7 18. Rcd1 Qd6 19. Qxd6 Rxd6 20. Nd2 Re8 21. a3 Rde6 22. Bf3 a5 23. c5 R6e7 24. Nc4 Bc2 25. Bxc6 bxc6 26. Rc1 Bxb3 27. Nxa5 Bd5 28. Kf1 d3 29. Bxf6 dxe2+ 30. Kg1 gxf6 31. Nc4 Ra8 32. Ne3 Bf3 33. Rc3 Rd8 34. Nf5 Re5 35. Rxf3 Rd1 36. Re3 Rxe1+ 37. Kg2 Rxe3 0-1

[Event "Pfarrkirchen Rottal op 1st"]
[Site "Pfarrkirchen"]
[Date "2017.04.15"]
[Round "3"]
[White "Riediger, Martin"]
[Black "Ziegenfuss, Holger"]
[Result "1/2-1/2"]
[WhiteElo "2280"]
[BlackElo "2068"]
[PlyCount "86"]
[EventDate "2017.04.14"]
[EventType "swiss"]
[EventRounds "7"]
[EventCountry "GER"]
[SourceTitle "CBM 177 Extra"]
[Source "ChessBase"]
[SourceDate "2017.04.27"]
[SourceVersion "1"]
[SourceVersionDate "2017.04.27"]
[SourceQuality "1"]

1. g3 c5 2. Nf3 Nc6 3. c4 Nf6 4. Bg2 g6 5. 0-0 Bg7 6. Nc3 d5 7. cxd5 Nxd5 8. Qa4 Nc7 9. d3 Bd7 10. Qh4 e5 11. Qxd8+ Rxd8 12. Ne4 Ne6 13. Nfg5 Bf8 14. Nf6+ Ke7 15. Nd5+ Ke8 16. Nxh7 Be7 17. Nhf6+ Bxf6 18. Nxf6+ Ke7 19. Nd5+ Kf8 20. f4 Ned4 21. Rf2 Bg4 22. Nc3 f5 23. fxe5 Nxe5 24. Bg5 Re8 25. Bxb7 Rh5 26. Bf4 Rh7 27. Bg2 Bh3 28. Bxh3 Rxh3 29. Bxe5 Rxe5 30. Rb1 Rh7 31. b3 Ne6 32. Kg2 Re7 33. Rb2 Rd7 34. Kf1 Kg7 35. Rc2 Nd4 36. Rc1 Rde7 37. e3 Nc6 38. e4 Nb4 39. Ke2 fxe4 40. Nxe4 Nxa2 41. Rc2 Nb4 42. Rc4 Rd5 43. Rf3 Nc6 1/2-1/2

[Event "Korbach op 8th"]
[Site "Korbach"]
[Date "2016.10.22"]
[Round "4"]
[White "Ziegenfuss, Holger"]
[Black "Wuestehube, Harry"]
[Result "1/2-1/2"]
[WhiteElo "2063"]
[BlackElo "1874"]
[PlyCount "66"]
[EventDate "2016.10.20"]
[EventType "swiss"]
[EventRounds "7"]
[EventCountry "GER"]
[SourceTitle "CBM 175 Extra"]
[Source "ChessBase"]
[SourceDate "2016.12.12"]
[SourceVersion "1"]
[SourceVersionDate "2016.12.12"]
[SourceQuality "1"]

1. e4 d6 2. d4 Nf6 3. f3 g6 4. Be3 c6 5. Qd2 a6 6. a4 b6 7. g4 h6 8. Nh3 Bb7 9. Nc3 Bg7 10. Nf2 Nbd7 11. Bc4 Qc7 12. Ba2 b5 13. a5 c5 14. Ne2 e5 15. d5 0-0-0 16. c4 b4 17. Bb3 Kb8 18. Nd3 Rdf8 19. Ng3 Ng8 20. Ke2 Ne7 21. Ba4 f5 22. gxf5 gxf5 23. Nh5 Rf7 24. Rhg1 Bf8 25. Bf2 Nf6 26. Nxf6 Rxf6 27. Bh4 Rf7 28. Be8 Rg7 29. Bf6 Rxg1 30. Rxg1 Rg8 31. Qe1 Rxg1 32. Qxg1 fxe4 33. fxe4 Qxa5 1/2-1/2

[Event "Vellmar op 8th"]
[Site "Vellmar"]
[Date "2016.07.31"]
[Round "6"]
[White "Ziegenfuss, Holger"]
[Black "Boos, Markus"]
[Result "0-1"]
[WhiteElo "2075"]
[BlackElo "2176"]
[PlyCount "128"]
[EventDate "2016.07.28"]
[EventType "swiss"]
[EventRounds "7"]
[EventCountry "GER"]
[SourceTitle "CBM 173 Extra"]
[Source "ChessBase"]
[SourceDate "2016.08.29"]
[SourceVersion "1"]
[SourceVersionDate "2016.08.29"]
[SourceQuality "1"]

1. e4 c5 2. Nf3 Nc6 3. Bb5 g6 4. Bxc6 dxc6 5. h3 Bg7 6. 0-0 e5 7. b3 Nf6 8. Re1 Nd7 9. a4 Nf8 10. Bb2 Qc7 11. a5 Ne6 12. Na3 Nd4 13. Nc4 Be6 14. d3 Bxc4 15. bxc4 0-0 16. a6 b6 17. Bxd4 cxd4 18. Qc1 Rfd8 19. Qa3 Bf8 20. Qc1 Kg7 21. Qb2 f6 22. Nd2 Rd7 23. Re2 Bc5 24. Rb1 Qd6 25. Nf1 Rb8 26. Ree1 Qf8 27. Qb3 Qc8 28. Qa4 Rf7 29. Nd2 Qe6 30. Nf3 Qd7 31. Qa2 Rff8 32. Rb2 Qf7 33. Qa4 Qe6 34. Rbb1 Rbc8 35. Re2 Rc7 36. Rbe1 Rb8 37. Rb1 Bd6 38. Ree1 Kf7 39. Nd2 Qe7 40. Nf3 Rcc8 41. Qa2 Kg7 42. Re2 Qe6 43. Qa4 h5 44. Kh2 Rc7 45. g3 Rf8 46. Qb3 Qc8 47. Ra1 Re7 48. Qb1 Qe6 49. Qh1 Bb4 50. Ra4 Bc3 51. Qb1 Rb8 52. c5 b5 53. Ra2 Rd7 54. Nd2 Qe7 55. Nb3 Bb4 56. Kg2 Bxc5 57. Na5 Rb6 58. Nb7 Bd6 59. Re1 Bb4 60. Rf1 f5 61. f3 c5 62. Qb3 Qf6 63. Rfa1 f4 64. gxf4 Qxf4 0-1

[Event "Vellmar op 8th"]
[Site "Vellmar"]
[Date "2016.07.29"]
[Round "2"]
[White "Ziegenfuss, Holger"]
[Black "Kaufmann, Guenther"]
[Result "1-0"]
[WhiteElo "2075"]
[BlackElo "1829"]
[PlyCount "27"]
[EventDate "2016.07.28"]
[EventType "swiss"]
[EventRounds "7"]
[EventCountry "GER"]
[SourceTitle "CBM 173 Extra"]
[Source "ChessBase"]
[SourceDate "2016.08.29"]
[SourceVersion "1"]
[SourceVersionDate "2016.08.29"]
[SourceQuality "1"]

1. e4 c5 2. Nf3 e6 3. c4 Nc6 4. Nc3 g6 5. d4 cxd4 6. Nxd4 Bg7 7. Ndb5 a6 8. Nd6+ Kf8 9. Be3 Qa5 10. Rc1 Qb4 11. Qd2 Be5 12. c5 Nd4 13. Nc4 Nc6 14. Nxe5 1-0

[Event "Vellmar op 7th"]
[Site "Vellmar"]
[Date "2015.08.07"]
[Round "3"]
[White "Bauch, Frank"]
[Black "Ziegenfuss, Holger"]
[Result "0-1"]
[WhiteElo "1899"]
[BlackElo "2032"]
[PlyCount "170"]
[EventDate "2015.08.06"]
[EventType "swiss"]
[EventRounds "7"]
[EventCountry "GER"]
[SourceTitle "CBM 167 Extra"]
[Source "ChessBase"]
[SourceDate "2015.09.14"]
[SourceVersion "1"]
[SourceVersionDate "2015.09.14"]
[SourceQuality "1"]

1. d4 d5 2. c4 e5 3. dxe5 d4 4. Nf3 Nc6 5. g3 Nge7 6. Bg2 Ng6 7. 0-0 Ngxe5 8. Nbd2 Be7 9. Nb3 Nxf3+ 10. Bxf3 Bh3 11. Re1 Qd7 12. Bd2 Rd8 13. Bg2 Ne5 14. Rc1 Bxg2 15. Kxg2 Nxc4 16. Kg1 Ne5 17. Bf4 Nc6 18. Nc5 Bxc5 19. Rxc5 0-0 20. b4 a6 21. a4 Rc8 22. Qb3 Qe7 23. Qc4 Nd8 24. Qxd4 Ne6 25. Qe4 Qd7 26. Rc4 Nxf4 27. gxf4 c6 28. Rd4 Qg4+ 29. Qg2 Qe6 30. Qe4 Qh3 31. Rd3 Qh5 32. Qe5 Qh6 33. Rd7 Rce8 34. Qg5 Qh3 35. Rd3 Qxd3 36. exd3 Rxe1+ 37. Kg2 Rfe8 38. f5 f6 39. Qf4 R1e5 40. d4 R5e7 41. Qd6 Kf7 42. d5 cxd5 43. Qxd5+ Kf8 44. Qd6 Rc8 45. Kg3 Rc3+ 46. f3 Rc8 47. h4 Rce8 48. Kf4 Kg8 49. Qd5+ Kh8 50. a5 h6 51. Kg3 Kh7 52. Kf4 Rc7 53. Kg4 Re5 54. Qd4 Rb5 55. f4 Re7 56. Kf3 Re1 57. Qc4 Rd1 58. h5 Rdd5 59. Kg4 Rd7 60. Qe4 Rbd5 61. Qe8 Rd8 62. Qe7 R5d7 63. Qe4 Rc7 64. Qe6 Rc3 65. Qf7 Re3 66. Qxb7 Rdd3 67. Qg2 Rb3 68. Qf2 Rec3 69. Kh4 Rxb4 70. Qd2 Rbb3 71. Qg2 Re3 72. Qf2 Ra3 73. Qg1 Re4 74. Kg4 Rxa5 75. Kf3 Raa4 76. Qg6+ Kg8 77. Qg2 Rxf4+ 78. Ke3 Rxf5 79. Qc2 Re5+ 80. Kf3 Ra3+ 81. Kf4 Raa5 82. Qc4+ Kh7 83. Qc2+ f5 84. Qg2 Re4+ 85. Kf3 Ra3+ 0-1

[Event "Vellmar op 7th"]
[Site "Vellmar"]
[Date "2015.08.06"]
[Round "1"]
[White "Koerber, Thomas1111"]
[Black "Ziegenfuss, Holger"]
[Result "0-1"]
[WhiteElo "1798"]
[BlackElo "2032"]
[PlyCount "92"]
[EventDate "2015.08.06"]
[EventType "swiss"]
[EventRounds "7"]
[EventCountry "GER"]
[SourceTitle "CBM 167 Extra"]
[Source "ChessBase"]
[SourceDate "2015.09.14"]
[SourceVersion "1"]
[SourceVersionDate "2015.09.14"]
[SourceQuality "1"]

1. e4 e5 2. Nc3 Nf6 3. Be2 d5 4. exd5 Nxd5 5. Ne4 Nc6 6. c3 f5 7. Ng3 Nf4 8. Bf1 Nd3+ 9. Bxd3 Qxd3 10. Qe2 e4 11. Nh3 Bd6 12. 0-0 0-0 13. f4 b6 14. b4 Nxb4 15. cxb4 Qd4+ 16. Kh1 Qxa1 17. Qc4+ Kh8 18. Ng5 Qf6 19. Nh5 Qg6 20. Ng3 h6 21. Nh3 a5 22. b5 Be6 23. Qc2 Qf7 24. a3 Rad8 25. Bb2 Bc5 26. Be5 Rd7 27. Rc1 Bxa3 28. Ra1 Bc5 29. Qb2 Rfd8 30. Bc3 Bc4 31. Ng1 Bd4 32. Ra4 Bxc3 33. dxc3 Rd2 34. Qa1 Rd1 35. Qa3 Bxb5 36. Rd4 R1xd4 37. cxd4 Rxd4 38. Qb2 Rd5 39. h3 Qd7 40. Kh2 Rd1 41. Qe5 Rd5 42. Qb2 a4 43. Qb4 Qd6 44. Qe1 Qxf4 45. Kh1 a3 46. Nh5 Qg5 0-1

[Event "Hofheim Spring op-A 3rd"]
[Site "Hofheim"]
[Date "2015.04.11"]
[Round "9"]
[White "Phunhon Lopez, Daniel Alejandro"]
[Black "Ziegenfuss, Holger"]
[Result "1/2-1/2"]
[WhiteElo "1872"]
[BlackElo "2031"]
[PlyCount "103"]
[EventDate "2015.04.07"]
[EventType "swiss"]
[EventRounds "9"]
[EventCountry "GER"]
[SourceTitle "EXT 2016"]
[Source "ChessBase"]
[SourceDate "2015.10.08"]
[SourceVersion "1"]
[SourceVersionDate "2015.10.08"]
[SourceQuality "1"]

1. e4 e5 2. Nc3 Nf6 3. Nf3 d6 4. d4 Nbd7 5. Bc4 Be7 6. 0-0 0-0 7. Re1 c6 8. dxe5 dxe5 9. Bg5 Qc7 10. a4 a5 11. Qe2 Nc5 12. h3 Ne6 13. Bxe6 Bxe6 14. Rad1 Rfd8 15. Rxd8+ Rxd8 16. Rd1 Rxd1+ 17. Nxd1 Qd6 18. b3 h6 19. Bh4 Bd7 20. Nb2 Nh5 21. Bxe7 Qxe7 22. Nc4 Nf4 23. Qd2 f6 24. Qxa5 Be6 25. Ne3 Kh7 26. Qd2 Qc5 27. c4 Qa3 28. Qc2 Qb4 29. Nd1 Qd6 30. Nb2 Qd7 31. Ne1 Qd4 32. Nf3 Qd7 33. Ne1 Qd4 34. Kh2 h5 35. b4 b5 36. cxb5 cxb5 37. Nbd3 Nxd3 38. Nxd3 bxa4 39. Nc5 Bd7 40. Nxa4 Qxb4 41. Nc5 Be8 42. Ne6 Qd6 43. Qc8 Qe7 44. Nc5 Bf7 45. Nb7 Bg6 46. Nc5 Bf7 47. Qc6 Kh6 48. Nb7 Bg6 49. Nd6 Qa7 50. Qc1+ Kh7 51. Qc2 Qd4 52. Nf5 1/2-1/2

[Event "Hofheim Spring op-A 3rd"]
[Site "Hofheim"]
[Date "2015.04.09"]
[Round "5"]
[White "Ziegenfuss, Holger"]
[Black "Schmitz, Martin"]
[Result "1-0"]
[WhiteElo "2031"]
[BlackElo "2001"]
[PlyCount "61"]
[EventDate "2015.04.07"]
[EventType "swiss"]
[EventRounds "9"]
[EventCountry "GER"]
[SourceTitle "CBM 166 Extra"]
[Source "ChessBase"]
[SourceDate "2015.06.18"]
[SourceVersion "1"]
[SourceVersionDate "2015.06.18"]
[SourceQuality "1"]

1. e4 c5 2. Nf3 Nc6 3. d4 cxd4 4. Nxd4 Nf6 5. f3 e5 6. Nb5 d6 7. c4 a6 8. N5a3 Qb6 9. Nc2 Be7 10. Nc3 Be6 11. b3 0-0 12. Be3 Qc7 13. Be2 Nd7 14. Qd2 f5 15. exf5 Rxf5 16. 0-0-0 Rd8 17. Bd3 Rff8 18. Be4 Nf6 19. Nd5 Bxd5 20. Bxd5+ Nxd5 21. Qxd5+ Kh8 22. h4 Bf6 23. g4 b5 24. g5 Be7 25. cxb5 axb5 26. Kb1 Ra8 27. b4 Ra6 28. h5 Rfa8 29. h6 Rxa2 30. hxg7+ Kxg7 31. Rxh7+ 1-0

[Event "Hofheim Spring op-A 2nd"]
[Site "Hofheim"]
[Date "2014.04.26"]
[Round "8"]
[White "Ziegenfuss, Holger"]
[Black "Carow, Johannes"]
[Result "0-1"]
[WhiteElo "1969"]
[BlackElo "2407"]
[PlyCount "84"]
[EventDate "2014.04.22"]
[EventType "swiss"]
[EventRounds "9"]
[EventCountry "GER"]
[SourceTitle "CBM 160 Extra"]
[Source "ChessBase"]
[SourceDate "2014.07.01"]
[SourceVersion "1"]
[SourceVersionDate "2014.07.01"]
[SourceQuality "1"]

1. e4 c5 2. Nc3 a6 3. f4 b5 4. Nf3 Bb7 5. d3 e6 6. Be2 d5 7. exd5 exd5 8. 0-0 Nf6 9. Qe1 Be7 10. Qg3 0-0 11. f5 Bd6 12. Qh3 Re8 13. Bd1 Nbd7 14. g4 d4 15. Nb1 Nf8 16. Bg5 h6 17. Bh4 Bf4 18. a4 Be3+ 19. Kh1 b4 20. Qg2 N8h7 21. Nbd2 Ng5 22. Nc4 Bf4 23. Bxg5 hxg5 24. h4 gxh4 25. g5 Nh5 26. Qg4 Ng3+ 27. Kg1 Be3+ 28. Nxe3 dxe3 29. Nxh4 Nxf1 30. Kxf1 Qd6 31. Kg1 Qd4 32. Qxd4 cxd4 33. Bf3 Bxf3 34. Nxf3 Rac8 35. Rc1 Red8 36. Kf1 b3 37. c3 dxc3 38. bxc3 Rxd3 39. c4 b2 40. Rb1 Rb3 41. Nd4 Rbb8 42. Ne2 Rxc4 0-1

[Event "Hofheim Spring op-A 2nd"]
[Site "Hofheim"]
[Date "2014.04.25"]
[Round "7"]
[White "Rosenberger, Frank"]
[Black "Ziegenfuss, Holger"]
[Result "0-1"]
[WhiteElo "2090"]
[BlackElo "1969"]
[PlyCount "80"]
[EventDate "2014.04.22"]
[EventType "swiss"]
[EventRounds "9"]
[EventCountry "GER"]
[SourceTitle "CBM 160 Extra"]
[Source "ChessBase"]
[SourceDate "2014.07.01"]
[SourceVersion "1"]
[SourceVersionDate "2014.07.01"]
[SourceQuality "1"]

1. e4 d6 2. d4 Nf6 3. Nc3 e5 4. Nf3 Nbd7 5. Bc4 Be7 6. 0-0 0-0 7. Re1 c6 8. a4 a5 9. h3 exd4 10. Nxd4 Nc5 11. Ba2 Nfd7 12. Nf5 Nb6 13. Nxe7+ Qxe7 14. Bf4 Rd8 15. Qh5 Be6 16. e5 d5 17. Bg5 f6 18. exf6 gxf6 19. Bh6 Qf7 20. Qh4 Kh8 21. Be3 Nbd7 22. Bd4 Rg8 23. Re3 Rg6 24. Rae1 Rag8 25. Rg3 Rxg3 26. fxg3 Rg6 27. Re3 Bf5 28. Qf4 Bxc2 29. Bxc5 Nxc5 30. Qd6 Na6 31. Nxd5 cxd5 32. Bxd5 f5 33. Qe5+ Qf6 34. Qe8+ Kg7 35. Qd7+ Kh6 36. Kh2 f4 37. Rf3 fxg3+ 38. Kh1 Qd4 39. Qf7 Rg7 40. Rf6+ Bg6 0-1

[Event "Hofheim Spring op-A 2nd"]
[Site "Hofheim"]
[Date "2014.04.23"]
[Round "2"]
[White "Ziegenfuss, Holger"]
[Black "Boidman, Yuri"]
[Result "0-1"]
[WhiteElo "1969"]
[BlackElo "2403"]
[PlyCount "80"]
[EventDate "2014.04.22"]
[EventType "swiss"]
[EventRounds "9"]
[EventCountry "GER"]
[SourceTitle "CBM 160 Extra"]
[Source "ChessBase"]
[SourceDate "2014.07.01"]
[SourceVersion "1"]
[SourceVersionDate "2014.07.01"]
[SourceQuality "1"]

1. e4 d5 2. exd5 Nf6 3. d4 Bg4 4. Nf3 Qxd5 5. Be2 Nc6 6. c4 Qf5 7. Be3 0-0-0 8. Nbd2 e5 9. d5 Nb4 10. Rc1 e4 11. Nd4 Qg6 12. Bxg4+ Nxg4 13. 0-0 Bd6 14. h3 h5 15. Rc3 Nxe3 16. Rxe3 f5 17. f4 Nd3 18. Ne6 Rde8 19. Rxd3 exd3 20. Qf3 Rxe6 21. dxe6 Qxe6 22. Rd1 Qe2 23. Nf1 Rd8 24. Ng3 Qxf3 25. gxf3 g6 26. Nf1 Bxf4 27. Kf2 d2 28. Ne3 c6 29. Ng2 Bg5 30. b3 Bf6 31. Ke2 Bc3 32. f4 Rd4 33. Rf1 Re4+ 34. Kd1 h4 35. Rh1 a5 36. Rf1 a4 37. Rh1 axb3 38. axb3 Kc7 39. Rf1 Kb6 40. Rg1 Kc5 0-1

[Event "Vellmar op-A 5th"]
[Site "Vellmar"]
[Date "2013.07.28"]
[Round "7"]
[White "Ziegenfuss, Holger"]
[Black "Humburg, Philipp"]
[Result "0-1"]
[WhiteElo "1959"]
[BlackElo "2054"]
[PlyCount "111"]
[EventDate "2013.07.25"]
[EventType "swiss"]
[EventRounds "7"]
[EventCountry "GER"]
[SourceTitle "EXT 2015"]
[Source "ChessBase"]
[SourceDate "2014.11.20"]
[SourceVersion "1"]
[SourceVersionDate "2014.11.20"]
[SourceQuality "1"]

1. e4 c5 2. Nc3 g6 3. f4 Bg7 4. Nf3 Nc6 5. Bb5 Nd4 6. 0-0 Nxb5 7. Nxb5 a6 8. Nc3 e6 9. d4 cxd4 10. Nxd4 Ne7 11. Be3 d5 12. e5 0-0 13. Nf3 b5 14. Bc5 Qc7 15. b4 Rd8 16. Ne2 f6 17. Ned4 Nf5 18. Nxf5 exf5 19. Qd4 Re8 20. exf6 Bh8 21. Rae1 Be6 22. Re3 Bf7 23. Rfe1 Re4 24. Rxe4 dxe4 25. Ne5 h6 26. a3 Rd8 27. Qe3 Rd5 28. h4 Bxf6 29. Nxf7 Qxf7 30. g3 Qd7 31. Kg2 Rd2+ 32. Re2 Rxe2+ 33. Qxe2 Qd5 34. Be3 Bb2 35. c4 Qd3 36. Qxd3 exd3 37. cxb5 axb5 38. Bd2 Kf7 39. Kf3 Bd4 40. g4 fxg4+ 41. Kxg4 h5+ 42. Kf3 Ke6 43. Ke4 Bf2 44. Kxd3 Bxh4 45. Ke4 Bf2 46. Kf3 Bd4 47. Bc1 Kf5 48. Kg3 Ke4 49. Kh4 Bf6+ 50. Kg3 h4+ 51. Kg4 Be7 52. Bb2 Kd3 53. a4 bxa4 54. b5 Bd8 55. Bf6 Bxf6 56. b6 0-1

[Event "Vellmar op-A 4th"]
[Site "Vellmar"]
[Date "2012.07.29"]
[Round "6"]
[White "Rueggeberg, Jan"]
[Black "Ziegenfuss, Holger"]
[Result "0-1"]
[WhiteElo "1874"]
[BlackElo "2021"]
[PlyCount "54"]
[EventDate "2012.07.26"]
[EventType "swiss"]
[EventRounds "7"]
[EventCountry "GER"]
[SourceTitle "EXT 2014"]
[Source "ChessBase"]
[SourceDate "2013.11.20"]
[SourceVersion "1"]
[SourceVersionDate "2013.11.20"]
[SourceQuality "1"]

1. c4 e5 2. Nf3 Nc6 3. Nc3 Bb4 4. Nd5 d6 5. Nxb4 Nxb4 6. d4 exd4 7. Nxd4 Bd7 8. g3 Qf6 9. Be3 c5 10. Nb5 Bxb5 11. cxb5 Qxb2 12. Rc1 Nxa2 13. Rc2 Qb4+ 14. Bd2 Qb3 15. Bg2 Nb4 16. Rc3 Qxd1+ 17. Kxd1 0-0-0 18. Rb3 Nf6 19. Bxb4 cxb4 20. Rxb4 d5 21. Kc2 Kc7 22. b6+ axb6 23. Rhb1 Rd6 24. Kd3 Ra8 25. R1b2 Ra5 26. h4 Nd7 27. Rg4 Ne5+ 0-1

[Event "Vellmar op-A 4th"]
[Site "Vellmar"]
[Date "2012.07.27"]
[Round "2"]
[White "Ziegenfuss, Holger"]
[Black "Wuestehube, Harry"]
[Result "1/2-1/2"]
[WhiteElo "2021"]
[BlackElo "1934"]
[PlyCount "40"]
[EventDate "2012.07.26"]
[EventType "swiss"]
[EventRounds "7"]
[EventCountry "GER"]
[SourceTitle "EXT 2014"]
[Source "ChessBase"]
[SourceDate "2013.11.20"]
[SourceVersion "1"]
[SourceVersionDate "2013.11.20"]
[SourceQuality "1"]

1. c4 e5 2. g3 Nc6 3. Bg2 Nf6 4. Nc3 Bb4 5. Nd5 Bc5 6. e3 d6 7. Ne2 Nxd5 8. cxd5 Ne7 9. d4 exd4 10. Nxd4 0-0 11. 0-0 Ng6 12. b3 Re8 13. Bb2 Ne5 14. h3 Bd7 15. Rc1 Rc8 16. Nf3 Bb6 17. Nxe5 dxe5 18. Qd3 Qe7 19. Rfd1 e4 20. Qc3 f6 1/2-1/2